Normal view
MARC view
- Tsegelsky, V
Entry Personal Name
001 - CONTROL NUMBER
- control field: 6604
003 - CONTROL NUMBER IDENTIFIER
- control field: OSt
005 - DATE AND TIME OF LATEST TRANSACTION
- control field: 20241226123935.0
008 - FIXED-LENGTH DATA ELEMENTS
- fixed length control field: 241226|| aca||aabn | a|a d
040 ## - CATALOGING SOURCE
- Original cataloging agency: OSt
- Transcribing agency: OSt
100 ## - HEADING--PERSONAL NAME
- Personal name: Tsegelsky, V
670 ## - SOURCE DATA FOUND
- Source citation: Work cat.: (OSt)8916: Tsegelsky, V ., Electric welder / , 1963.
